| 000 | 05895namaa22004451i 4500 | ||
|---|---|---|---|
| 003 | EG-GICUC | ||
| 005 | 20260409125418.0 | ||
| 008 | 260315s2025 ua a|||frm||| 000 0 eng d | ||
| 040 |
_aEG-GICUC _beng _cEG-GICUC _dEG-GICUC _erda |
||
| 041 | 0 |
_aeng _beng _bara |
|
| 049 | _aDeposit | ||
| 082 | 0 | 4 | _a617.47 |
| 092 |
_a617.47 _221 |
||
| 097 | _aPh.D | ||
| 099 | _aCai01.11.25.Ph.D.2025.Ab.E | ||
| 100 | 0 |
_aAbd Elrahman Abdallah Mohammed, _epreparation. |
|
| 245 | 1 | 0 |
_aEffect of peroneus longus harvesting on the ankle and foot / _cby Abd Elrahman Abdallah Mohammed ; Supervised Prof.Dr. Hesham Mesbah Soliman, Prof. Dr. Ahmed Samir elkalyoby, Dr. Hosam Mofreh Hamed. |
| 246 | 1 | 5 | _aتأثير استئصال العضلة الشظوية الطويلة على الكاحل والقدم |
| 264 | 0 | _c2025. | |
| 300 |
_a89 pages : _billustrations ; _c25 cm. + _eCD. |
||
| 336 |
_atext _2rda content |
||
| 337 |
_aUnmediated _2rdamedia |
||
| 338 |
_avolume _2rdacarrier |
||
| 502 | _a Thesis (Ph.D)-Cairo University, 2025. | ||
| 504 | _aBibliography: pages 77-89. | ||
| 520 | 3 | _aBackground: The peroneus longus was a long muscle located superficially in the lateral compartment of the leg, along with the peroneus brevis muscle. The peroneus longus originated from the proximal aspect of the fibula and inserted into the medial cuneiform and the base of the first metatarsal bone. Its primary functions were to provide first ray plantarflexion and foot eversion. Aim and objectives: to evaluate the extent of donor site morbidity and assess ankle strength following the harvest of the ipsilateral peroneus longus tendon for ACL reconstruction in patients with primary ACL injuries. Subjects and methods: This descriptive study was conducted on 58 patients diagnosed with ACL injuries at El Qasr Al Ainy Hospital and Al Haram Specialized Hospital. Result: there was highly statistically significant difference at different times as regarded FADI score, AOFAS score, and CPEI score. Conclusion: The use of the peroneus longus tendon (PLT) as an autograft for ACL reconstruction demonstrates favorable clinical outcomes with minimal donor site morbidity. Functional scores such as FADI, AOFAS, and CPEI in our study showed significant improvement by the 6-month postoperative mark, indicating effective recovery of both knee and donor ankle functions. | |
| 520 | 3 | _aالعضلة الشظوية الطويلة ، والمعروفة أيضًا باسم العضلة الليفية الطويلة ، هي عضلة طويلة تقع بشكل سطحي في الحجرة الجانبية للساق، إلى جانب العضلة الشظوية القصيرة. تنشأ العضلة الشظوية الطويلة من الجزء القريب من عظم الشظية (الفيبولا)، وتُدرج في العظم الوتدي الإنسي وقاعدة المشط الأول. تتمثل وظائفها الأساسية في إنزال الشعاع الأول وبسط القدم للخارج. في السنوات الأخيرة، استخدم جراحو العظام وتر العضلة الشظوية الطويلة كرقعة ذاتية في إعادة بناء الرباط الصليبي الأمامي ، بالإضافة إلى الأوتار المأخوذة من أوتار العضلات المأبضيةأو وتر الرضفة مع العظم. كما تم استخدام هذا الوتر في ترميم الرباط الدالي ورباط الرضفة الإنسي نظرًا لتأثيره التآزري مع العضلة الشظوية القصيرة، مما يوفر فائدة وظيفية محتملة عند إجراء تثبيت لكليهما. من أبرز مزايا هذا الوتر قدرته على التجدد، كما أظهرت عدة دراسات باستخدام التصوير بالرنين المغناطيسي والتي بينت تجدد الوتر خلال عام واحد من استخراجه. علاوة على ذلك، أُشير إلى أن وتر العضلة الشظوية الطويلة قد يكون متفوقًا على وتر العضلة المأبضية في عمليات إعادة بناء الرباط الصليبي الأمامي ذات الحزمة الواحدة ، بسبب قطره الأكبر وانخفاض معدل الضمور في موقع المتبرع. ومع ذلك، لا تزال هناك بعض المخاوف بخصوص العجز الوظيفي المحتمل بعد أخذ وتر الشظوية الطويلة، لا سيما ما يتعلق بقوة بسط القدم للخارج وقدرة إنزال الشعاع الأول. ورغم أن العديد من الدراسات السريرية أفادت بحدوث انخفاض ضئيل في الوظيفة في موقع التبرع على المدى القصير، إلا أن التأثير طويل الأمد لاستخدام وتر العضلة الشظوية الطويلة على ميكانيكا القدم والكاحل لا يزال غير واضح، مما يبرز الحاجة إلى المزيد من الأبحاث لتقييم النتائج الهيكلية والوظيفية لاستخدام هذا الوتر كطعوم ذاتية. | |
| 530 | _aIssues also as CD. | ||
| 546 | _aText in English and abstract in Arabic & English. | ||
| 650 | 0 | _aOrthopaedic surgery | |
| 650 | 0 | _aجراحة العظام | |
| 653 | 1 |
_aperoneus longus harvesting _aankle and foo |
|
| 700 | 0 |
_aHesham Mesbah Soliman _ethesis advisor. |
|
| 700 | 0 |
_aAhmed Samir elkalyoby _ethesis advisor. |
|
| 700 | 0 |
_aHosam Mofreh Hamed _ethesis advisor. |
|
| 900 |
_b01-01-2025 _cHesham Mesbah Soliman _cAhmed Samir elkalyoby _cHosam Mofreh Hamed _UCairo University _FFaculty of Medicine _DDepartment of Orthopaedic Surgery |
||
| 905 |
_aShimaa _eEman Ghareb |
||
| 942 |
_2ddc _cTH _e21 _n0 |
||
| 999 | _c179042 | ||